Statystyki dla Państwa Australii i Oceanii A-Z z mapą.

Kliknij tutaj aby rozwiązać quiz!

Ogólne statystyki

  • Ten quiz został rozwiązany 197 razy
    (171 od ostatniego zresetowania)
  • Średni wynik to 13 z 16

Odpowiedzi na mapie

Odpowiedzi skodowane kolorowo w zielono-czerwonej skali na mapie do tego quizu, zgodnie z poniższymi procentami.
Ładowanie ...
 

Statystyki odpowiedzi

LiteraPaństwo% Poprawnych
AAustralia
100%
NNowa Zelandia Nauru Nowa Kaledonia (Francja)
94%
NNowa Kaledonia (Francja) Nauru Nowa Zelandia
94%
NNauru Nowa Zelandia Nowa Kaledonia (Francja)
93%
PPalau Papua Nowa-Gwinea Polinezja Francuska
89%
PPapua Nowa-Gwinea Palau Polinezja Francuska
89%
PPolinezja Francuska Papua Nowa-Gwinea Palau
89%
FFidżi
82%
MMikronezja
79%
WWyspy Marshalla Wyspy Salomona
79%
WWyspy Salomona Wyspy Marshalla
79%
TTonga Tuvalu
78%
TTuvalu Tonga
78%
VVanuatu
78%
KKiribati
74%
SSamoa
69%

Rozkład punktacji

Percentyl według liczby udzielonych odpowiedzi

Procent ludzi z każdym wynikiem

Twoja historia wyników

Nie rozwiązałeś tego quizu od ostatniego zresetowania